000 00908nam a22002897a 4500
001 BR7901160
003 BR-BrBNA
005 20230928085939.0
007 ta
008 230509b bl.||||| |||| 00| 0 por d
040 _aBR-BrBNA
_bpor
_cBiblioteca Nacional de Agricultura
041 _a(Por)
072 _aL10
_b5300
090 _ 5300 BR7901160
100 1 _aLima, J.A. de F.
110 1 _aUniversidade Federal de Vicosa, MG (Brasil)
_0Tese (Magister Scientiae)
245 1 _aSincronizacao de estro e eficiencia reprodutiva em marras tratadas com gonadotropina serica, corionica e prostaglandina F2a
260 3 _aVicosa, MG (Brasil):
_c1979.
300 _a44 p.
500 _a10 tables; 38 ref.; Summary (Por)
650 _aGenetica animal
650 _aMarra
650 _aSincronizacao do cio
650 _aEficiencia reprodutiva
909 _a202309
_bLucia
_c55
_dLucia Elande
942 _cBK
999 _c27131
_d27131